Skoncovat s krizí

Gespeichert in:
Bibliographische Detailangaben
1. Verfasser: Krugman, Paul
Weitere Verfasser: Křístková, Eva
Format: Buch
Sprache:Tschechisch
Veröffentlicht: Praha Vyšehrad 2012
Schriftenreihe:Moderní dějiny
Schlagworte:
Tags: Tag hinzufügen
Keine Tags, Fügen Sie das erste Tag hinzu!

MARC

LEADER 00000nam a2200000 4500
001 0161995
005 20230109114912.8
020 |a 978-80-7429-294-1 
041 0 |a cze 
044 |a CZ 
245 1 0 |a Skoncovat s krizí  |c Paul Krugman ; překlad: Eva Křístková 
264 1 |a Praha  |b Vyšehrad  |c 2012 
300 |a 193 s. 
490 1 |a Moderní dějiny 
830 0 |a Moderní dějiny 
500 |a Najnovšia kniha nositeľa Nobelovej ceny za ekonómiu. 
610 2 0 |a kríza hospodárska 
610 2 0 |a kríza finančná 
610 2 0 |a depresia 
100 1 |a Krugman, Paul 
700 1 |a Křístková, Eva